Statistics for Highest Scoring EPL Games

Click here to take the quiz!

General Stats

  • This quiz has been taken 540 times
    (212 since last reset)
  • The average score is 48 of 60

Answer Stats

ScorelineDateTeam% Correct
Manchester United
100%
Manchester United
100%
Manchester United
100%
8-228 Aug 2011Manchester United
100%
2nd Feb 2021Manchester United
100%
Manchester United
100%
9-04 Mar 1995Manchester United
100%
28th Aug 2022Liverpool
98%
Liverpool
98%
Liverpool
98%
Liverpool
98%
Arsenal
95%
7-329 Dec 2012Arsenal
95%
Arsenal
95%
Arsenal
95%
26 Dec 2021Manchester City
95%
Manchester City
95%
2 Oct 2022Manchester City
95%
14 Dec 2013Manchester City
95%
14 Oct 2017Manchester City
95%
9-122 Nov 2009Tottenham Hotspur
95%
13 Nov 2004Tottenham Hotspur
95%
13 May 2018Tottenham Hotspur
95%
6-429 Dec 2007Tottenham Hotspur
95%
11 Mar 2000Tottenham Hotspur
95%
Chelsea
92%
16 Jan 2010Chelsea
92%
Southampton
88%
6-326 Oct 1996Southampton
88%
Southampton
88%
25 Oct 2019Southampton
88%
Southampton
88%
4th Oct 2020Aston Villa
86%
Leicester City
86%
Leicester City
86%
Newcastle United
82%
30 Aug 2014Everton
77%
4 Feb 2017Everton
77%
Leicester
77%
23 Jan 2016Norwich City
76%
5-49 Apr 1994Norwich City
76%
Bournemouth
72%
Bournemouth
72%
12 Feb 2000West Ham United
67%
8-16 Feb 1999Nottingham Forest
65%
Sunderland
65%
7-226 Aug 1997Blackburn Rovers
64%
5-519 May 2013West Bromwich Albion
64%
Crystal Palace
58%
Stoke City
57%
Ipswich Town
53%
26 Nov 2016Swansea City
51%
22 Mar 2014Cardiff City
49%
11 May 2008Middlesbrough
48%
7-429 Sep 2007Portsmouth
47%
Reading
44%
Reading
44%
Sheffield Wednesday
44%
Wigan Athletic
43%
Bradford City
25%

Score Distribution

Percentile by Number Answered

Percent of People with Each Score

Your Score History

You have not taken this quiz since the last reset